| 000 | 00916nam a2200229Ia 4500 | ||
|---|---|---|---|
| 003 | GCL | ||
| 008 | 140319s9999 xx 000 0 ara d | ||
| 040 |
_aGCL / _cGCL |
||
| 082 | 0 | 4 |
_aق _b962 _bع ت |
| 100 | 1 | _aعبدالعزيز نوار | |
| 245 | 1 | 0 |
_aتاريخ العرب المعاصر : مصر والعراق / _cعبدالعزيز نوار |
| 260 |
_aبيروت : _bدار النهضة العربية |
||
| 300 |
_a584 ص ؛ _c24سم |
||
| 650 | 0 | 4 | _aمعاهدة 1936 |
| 650 | 0 | 4 | _aالعراق - تاريخ |
| 650 | 0 | 4 | _aالعراق - تاريخ - العصرالعثمانى |
| 650 | 0 | 4 | _aمصر - تاريخ - العصر الحديث - ثورة 1919 |
| 650 | 0 | 4 | _aمصر - تاريخ - العصر الحديث - الثورة العرابية |
| 650 | 0 | 4 | _aالوطن العربى - تاريخ |
| 650 | 0 | 4 | _aمصر - تاريخ - الحملة الفرنسية (1798-1801م) |
| 942 |
_2ddc _cBK |
||
| 999 |
_c37054 _d37054 |
||